| 000 | 00473nam a2200193Ia 4500 | ||
|---|---|---|---|
| 003 | LK-CoDNM | ||
| 008 | 010623t1921 xxu||||| |||| 00| 1 sin d | ||
| 040 |
_aLK-CoDNM _dLK-CoDNM _eLK-CoDNM |
||
| 041 | _asin | ||
| 080 | _a104 J.15 | ||
| 100 |
_aChandrashekara,G.P _eed. |
||
| 245 | _aපුරසඳ සඟරා | ||
| 246 | _aPura Sanda | ||
| 260 |
_bLankopakara _aKataluva _c1921 |
||
| 300 | _b16p., 28 cm | ||
| 650 | _aEarth | ||
| 650 | _aWalter Relle | ||
| 942 | _cBK | ||
| 999 |
_c90708 _d90708 |
||